Money changes everything how global prosperity is reshaping our needs, values and lifestyles

Enregistré dans:
Détails bibliographiques
Auteur principal: Marber, Peter
Format: Livre
Langue:anglais
Publié: New Jersey FT Prentice Hall 2003
Sujets:
Tags: Ajouter un tag
Pas de tags, Soyez le premier à ajouter un tag!

MARC

LEADER 00000nam$a2200000$$$4500
001 0106441
005 20240311125612.5
020 |a 0-13-065480-9 
041 0 |a eng 
044 |a US 
245 1 0 |a Money changes everything  |b how global prosperity is reshaping our needs, values and lifestyles  |c Peter Marber 
264 1 |a New Jersey  |b FT Prentice Hall  |c 2003 
300 |a xix, 245 s. 
610 2 0 |a blahobyt 
610 2 0 |a bohatstvo 
610 2 0 |a peniaze 
610 2 0 |a kvalita života 
610 2 0 |a globalizácia 
610 2 0 |a ekonomika nová 
610 2 0 |a vláda 
610 2 0 |a náboženstvo 
610 2 0 |a vzdelanie 
610 2 0 |a prostredie životné 
100 1 |a Marber, Peter